000 004640000a22001450004500
090 _aAR
_b01128
245 1 0 _aForaging behaviour and the evolution of primate intelligence
650 1 4 _aPrimates
_992938
650 1 4 _aHábitos alimentarios
_93824
650 1 4 _aEvolución
_992797
041 0 _aInglés
100 1 _aMilton, Katharine
_994366
942 _cARTICULO
773 1 _tMachiavellian Intelligence. Edited by Richard W. Byrne; Andrew Whiten
_3420
_q285-305
_d1988
999 _c10214
_d10214